=LDR 00000nam 2200000 4500 =001 INLIS000000000050572 =005 20200921102558 =035 ##$$a 0010-0517000225 =007 ta =008 200921################g##########0#ind## =020 ##$$a 979-416-836-3 =082 ##$$a 304.6 =084 ##$$a 304.6 WAR a =084 ##$$a 304.6 WAR a =100 1#$$a Warsono, Prasetyoadi =245 1#$$a Arus balik kependudukan /$c Prasetyoadi Warsono =260 ##$$a Jakarta :$b Pustaka Sinar Harapan,$c 2005 =300 ##$$a x, 80 hlm. : $b Ilus ; $c 21x 14 cm =650 #4$$a Kependudukan =250 ##$$a Cet. 1 =504 ##$$a Bibliografi :hlm.73-76 =520 ##$$a Indeks :hlm.76-80 =990 ##$$a 21003816 =990 ##$$a 21003815 =990 ##$$a 0001/BPAP-NTB/2015 =990 ##$$a 21003816 =990 ##$$a 21003815 =990 ##$$a 20603748 =990 ##$$a 21003816 =990 ##$$a 21003815 =990 ##$$a 05900590 =990 ##$$a 20603751 =990 ##$$a 20603748 =990 ##$$a 21003816 =990 ##$$a 21003815 =990 ##$$a 00530053 =990 ##$$a 20603749 =990 ##$$a 20603748 =990 ##$$a 21003816 =990 ##$$a 21003815 =990 ##$$a 20603751